مكتبة جامعة عجلون الوطنية

فهرس بحث المكتبة

تكنولوجيا فن الزجاج (Record no. 8863)

MARC details
000 -LEADER
fixed length control field 00815nam a2200229Ii 4500
003 - CONTROL NUMBER IDENTIFIER
control field JO-AjNU
008 - FIXED-LENGTH DATA ELEMENTS--GENERAL INFORMATION
fixed length control field 230605s9999||||xx |||||||||||||| ||und||
017 ## - COPYRIGHT OR LEGAL DEPOSIT NUMBER
Copyright or legal deposit number 1994/11663
020 ## - INTERNATIONAL STANDARD BOOK NUMBER
International Standard Book Number 977-01-4235-2
040 ## - CATALOGING SOURCE
Original cataloging agency JO-AjNU
Language of cataloging ara
Description conventions rda
Transcribing agency JO-AjNU
041 ## - LANGUAGE CODE
Language code of text/sound track or separate title ara
050 14 - LIBRARY OF CONGRESS CALL NUMBER
Classification number NK5206.Z36 1995
100 3# - MAIN ENTRY--PERSONAL NAME
Personal name زينهم,محمد تأليف/عبد الرحيم,مصطفى مراجعة,
Relator term author
9 (RLIN) 17262
245 00 - TITLE STATEMENT
Title تكنولوجيا فن الزجاج
264 31 - PRODUCTION, PUBLICATION, DISTRIBUTION, MANUFACTURE, AND COPYRIGHT NOTICE
Place of production, publication, distribution, manufacture القاهرة:الهيئة المصرية العامة للكتاب,1995
300 ## - PHYSICAL DESCRIPTION
Extent 258ص
336 ## - CONTENT TYPE
Content type term text
Content type code txt
Source rdacontent
337 ## - MEDIA TYPE
Media type term unmediated
Media type code n
Source rdamedia
338 ## - CARRIER TYPE
Carrier type term volume
Carrier type code nc
Source rdacarrier
490 0# - SERIES STATEMENT
Series statement الألف كتاب الثاني 166
650 #4 - SUBJECT ADDED ENTRY--TOPICAL TERM
Topical term or geographic name entry element الفن-فن الزجاج-تكنولوجيا فن الزجاج
9 (RLIN) 17263
Holdings
Withdrawn status Lost status Source of classification or shelving scheme Damaged status Not for loan Home library Current library Shelving location Date acquired Total Checkouts Full call number Barcode Date last seen Price effective from Koha item type
    Library of Congress Classification     مكتبة جامعة عجلون الوطنية مكتبة جامعة عجلون الوطنية المجموعات العامة 06/06/2023   NK5206.Z36 1995 A5295 06/06/2023 06/06/2023 Books